La basura es la solución

Gespeichert in:
Bibliographische Detailangaben
1. Verfasser: Deffis Caso, Armando (VerfasserIn)
Format: Buch
Sprache:Spanisch
Veröffentlicht: Ciudad de México Arbol 1994
Ausgabe:1a. ed
Schlagworte:
Tags: Tag hinzufügen
Keine Tags, Fügen Sie den ersten Tag hinzu!

MARC

LEADER 00000nam a2200000 a 4500
001 UCR9058
003 CL-VaPUC
008 980613e19940000MX |||||||||||||||||spa|d
082 0 4 |a 628.44  |b DEF  |2 21 
100 0 |a Deffis Caso, Armando  |e author  |9 411211 
245 1 3 |a La basura es la solución 
250 |a 1a. ed 
300 |a 277 p 
942 |c BK 
945 |d 19980613 00:00:00  |a aalvarez 
260 |a Ciudad de México  |b Arbol   |c 1994 
650 0 |a Residuos sólidos   |9 367336 
650 7 |a EQUILIBRIO ECOLOGICO  |2 CL-VaPUC  |9 352587 
650 7 |a RELLENOS SANITARIOS  |2 CL-VaPUC  |9 411212 
650 7 |a ELIMINACION DE RESIDUOS  |2 CL-VaPUC  |9 332226 
650 7 |a HIGIENE AMBIENTAL  |2 CL-VaPUC  |9 364394 
650 0 |a Tecnología sanitaria  |9 262722 
650 7 |a BASURA  |2 CL-VaPUC  |9 349548 
583 |a last modification  |c 19980613 00:00:00  |k Rodrigo Vera 
999 |c 270306  |d 270304 
952 |0 0  |1 0  |4 0  |6 628_440000000000000_DEF_1994  |7 0  |8 A  |9 304533  |a BIBING  |b BIBING  |d 2019-11-20  |i 343060K  |o 628.44 DEF 1994  |p 343060K  |r 2025-01-20  |w 2019-11-20  |y BK  |k GEO